01718nam a2200265 a 450000100100000000500170001000800410002704000250006808200170009310000360011024500760014626000450022230000280026750000420029550000470033750400280038450505740041265000300098665000220101670000360103895201290107495201140120395201200131799900150143700000648420200929153932.0090831s1999 dr 001 0 spa d aDO-SdBNPbspacBNPHU a332.7bS593c1 aSimó Torres, Dennis R.91796310aCrédito bancario /cDennis R. Simó Torres, Dennis Simó Álvarez. aSanto Domingo :bAmigo del Hogar,c1999. a311 p. :bil. ;c23 cm. aIncluye notas al pie de las páginas aIncluye datos biográficos de los autores aBibliografía : p. 3112 aIntroducción -- investigación de crédito -- Análisis de crédito - factores no financieros -- Análisis de crédito - factores financieros -- Presentación de los Estados Financieros comparativos -- Ciclos económicos -- Metodología para preparación del crédito -- Las visitas a los clientes -- Políticas de crédito -- Preparación de un oficial de crédito -- Evaluación de las operaciones de crédito -- Normas prudenciales y clasificación de cartera -- Algunas deficiencias en las empresas -- Orígenes de la problemática crediticia. 4aPrestamos bancarios97899 4aCréditos9179641 aSimó Álvarez, Dennis917965 001054708DSaGRbGRcHDd2013-07-02iLF1l0o332.7 S593cp6484-30r2020-06-25te. 3w2020-06-25yLFDSZPréstamo en sala 0010718PDaPDbPDcHDd2009-08-31iLF1l0o332.7 S593cp6484-10r2020-06-25w2020-06-25yLFPDZNo se presta 0010718PDaPDbPDcHDd2009-08-31iLF1l0o332.7 S593cp6484-20r2020-06-25te. 2w2020-06-25yLFPDZNo se presta c6275d6275